000 01728nam a2200253Ia 4500
003 Ost
005 20260507075322.0
008 260507s9999||||xx |||||||||||||| ||und||
020 _a235125977
040 _cfsecg
041 _aara
082 _a332.1
100 _aعبد العزيز، سمير محمد
_eمؤلف
245 0 _aاقتصاديات و إدارة النقود و البنوك في اطار عالمية القرن الحادي و العشرين :
_bالصناعة المالية الحديثة و اتجاهات التجارة الدولية /
_c سمير محمد عبد العزيز
260 _aالاسكندرية:
_bالمكتب العربي الحديث,
_c2011
300 _a361 صفحة؛
_bإيضاحات ؛
_c24 سم
520 _aالنقود و البنوك و الصناعة المالية الحديثة، النقود كمقدمة للأعمال المصرفية، البنوك و هيكل الجهاز المصرفي، الصناعة المالية الحديثة و تنويع الخدمات المالية و المصرفية، عالمية الخدمات المصرفية و القواعد اللرقابية الدولية للجنة بازل، تحليل و تقييم الأداء المالي للبنوك، التجارة الدولية و اتجاهاتها، الفكر الكلاسيكي و النيوكلاسيك، الاقتصاديون المحدثون من الجات الى منظمة التجارة العالمية، بروتوكول المناطق الصناعية المؤهلة ــ الكويز
653 _aالادارة
653 _aالاقتصاد
653 _aالبنوك
653 _aالتجارة
653 _aالنقود
942 _cكتاب
999 _c43935
_d43935